Сад и дом. Проекты садовых домов, хозяйственных построек, инженерного оборудования и благоустройства садовых участков

Bibliografiske detaljer
Summary:В сборнике приведены наиболее современные и характерные проектные решения по хозяйственным постройкам, конструктивным элементам домов, инженерному оборудованию и благоустройству садовых участков, а также нормативные требования. Сборник предназначен для членов садоводческих коллективов и работников архитектурной службы местных Советов. Сборник подготовлен персональной творческой мастерской СА РСФСР заслуженного архитектора РСФСР Х.А. Бутусова.
Sprog:russisk
Udgivet: Москва, [Б. и.], 1991
Fag:
Format: Bog
KOHA link:https://koha.lib.tpu.ru/cgi-bin/koha/opac-detail.pl?biblionumber=28096

MARC

LEADER 00000nam0a2200000 4500
001 28096
005 20231030202656.0
035 |a (RuTPU)RU\TPU\book\28352 
035 |a BOOK00000077 
090 |a 28096 
100 |a 20011209d1991 u y0rusy50 ca 
101 0 |a rus 
102 |a RU 
105 |a ae 000|y 
200 1 |a Сад и дом. Проекты садовых домов, хозяйственных построек, инженерного оборудования и благоустройства садовых участков 
210 |a Москва  |c [Б. и.]  |d 1991 
215 |a 128 с.  |c ил. 
318 |5 63413507  |a Плоды земли. Во саду ли, в огороде  |b выставка 
330 |a В сборнике приведены наиболее современные и характерные проектные решения по хозяйственным постройкам, конструктивным элементам домов, инженерному оборудованию и благоустройству садовых участков, а также нормативные требования. Сборник предназначен для членов садоводческих коллективов и работников архитектурной службы местных Советов. Сборник подготовлен персональной творческой мастерской СА РСФСР заслуженного архитектора РСФСР Х.А. Бутусова. 
610 1 |a жилищное строительство 
610 1 |a садовые дома 
610 1 |a хозяйственные постройки 
610 1 |a садовые участки 
610 1 |a инженерное оборудование 
610 1 |a благоустройство 
610 1 |a проекты 
610 1 |a планирование 
610 1 |a вентиляция 
610 1 |a канализация 
610 1 |a отопление 
675 |a 728.8.011  |v 3 
801 0 |a RU  |b 63413507  |c 20011209  |g PSBO 
801 2 |a RU  |b 63413507  |c 20190128  |g PSBO 
942 |c BK